Countries with Capitals that Have 'Port' in their Names - Statistics

General Stats
  • This quiz has been taken 24 times
  • The average score is 5 of 6
Answer Stats
Answer % Correct
Haiti
96%
Vanuatu
87%
Papua New Guinea
83%
Trinidad and Tobago
83%
Mauritius
78%
Benin
61%
No matching quizzes found
Score Distribution
Percent of People with Each Score
Percentile by Number Answered
Your Score History
You have not taken this quiz